| 000 | 00466nam a22001817a 4500 | ||
|---|---|---|---|
| 003 | CEME | ||
| 005 | 20210628210655.0 | ||
| 008 | 210105b xxu||||| |||| 00| 0 eng d | ||
| 020 | _a0859505723 | ||
| 040 | _c. | ||
| 082 | _a515.07 GRE | ||
| 100 |
_aGreer, A, Taylor, G.W _980472 |
||
| 245 | _aMathematics for technicians, new level | ||
| 260 |
_aELBS _bGREAT BRITAIN _c1982 |
||
| 300 | _a343P | ||
| 650 |
_aMATHEMATICS FOR TECHNICIANS _980473 |
||
| 942 |
_cBK _2ddc |
||
| 999 |
_c585399 _d585399 |
||